BSOP header

USSR '91 yearbook / (Record no. 4286)

MARC details
000 -LEADER
fixed length control field 00501nam a2200169 4500
008 - FIXED-LENGTH DATA ELEMENTS--GENERAL INFORMATION
fixed length control field 011005s1991 ru engCO
020 ## - INTERNATIONAL STANDARD BOOK NUMBER
International Standard Book Number 5702002555
090 ## - LOCALLY ASSIGNED LC-TYPE CALL NUMBER (OCLC); LOCAL CALL NUMBER (OCLC)
Classification number (OCLC) (R) ; Classification number, CALL (RLIN) (NR) AY19.R8
Local cutter number (OCLC) ; Book number/undivided call number, CALL (RLIN) Us7
-- 1991
245 10 - TITLE STATEMENT
Title USSR '91 yearbook /
Statement of responsibility, etc .
260 ## - PUBLICATION, DISTRIBUTION, ETC. (IMPRINT)
Place of publication, distribution, etc Moscow :
Name of publisher, distributor, etc Novosti,
Date of publication, distribution, etc c1991.
300 ## - PHYSICAL DESCRIPTION
Extent 351 p. :
Other physical details ill.
650 #4 - SUBJECT ADDED ENTRY--TOPICAL TERM
Topical term or geographic name as entry element Almanacs, Russian.
651 #4 - SUBJECT ADDED ENTRY--GEOGRAPHIC NAME
Geographic name Russia
General subdivision Almanacs, yearbooks.
651 #4 - SUBJECT ADDED ENTRY--GEOGRAPHIC NAME
Geographic name Soviet Union
General subdivision Registers.
951 ## - EQUIVALENCE OR CROSS-REFERENCE-GEOGRAPHIC NAME/AREA NAME [OBSOLETE] [CAN/MARC only]
-- 13906
-- AY19.R8/Us7/1991
-- 070613111006765
-- 2000-12-21
-- REF
Holdings
Withdrawn status Lost status Damaged status Not for loan Home library Current library Shelving location Date acquired Accession number Shelving control number Total Checkouts Full call number Date last seen Price effective from Koha item type
        BSOP Library BSOP Library Reference 12/21/2000 13906 127   AY19.R8/Us7/1991 02/23/2013 02/23/2013 Books
BSOP

Biblical Seminary of the Philippines
  All rights Reserved
  © 2024

CONTACT INFORMATION

Biblical Seminary of the Philippines,
  77-B Karuhatan Road, Valenzuela City,
  PHILIPPINES 1441
  Phone: +632 8292-6795 / 8292-6798
  Fax : +632 8292-6675
  Email: library@bsop.edu.ph